000 00516nam a2200181Ia 4500
999 _c1895
_d1895
003 OSt
005 20200923131425.0
008 190216s9999||||xx |||||||||||||| ||und||
020 _a9788121905480
040 _coclc
082 _a581.5
_bSHU/T
100 _aShukla, R S
_94801
245 2 _aA Textbook Of Plant Ecology /
_cR S Shukla ; P S Chandel
260 _bS. Chand & Company,
_c2008.
_aNew Delhi:
300 _a544p
650 _aBotany
942 _cBK
_2ddc
_h581.5
_iSHU/T
_k581.5
_mSHU/T